Tattoo and body piercing as form of body art of high school students in private schools in Las Piñas, Muntinlupa. (Record no. 96218)
[ view plain ]
| 000 -LEADER | |
|---|---|
| fixed length control field | 00382nam a2200121 a 4500 |
| 003 - CONTROL NUMBER IDENTIFIER | |
| control field | 0 |
| 005 - DATE AND TIME OF LATEST TRANSACTION | |
| control field | 20241226115152.0 |
| 008 - FIXED-LENGTH DATA ELEMENTS--GENERAL INFORMATION | |
| fixed length control field | 021118s19uu xx 00 eng d |
| 050 ## - LIBRARY OF CONGRESS CALL NUMBER | |
| Classification number | PHS '98 |
| Item number | J32 #10 |
| 100 ## - MAIN ENTRY--PERSONAL NAME | |
| Personal name | Javier, Marien Karima S. |
| 245 ## - TITLE STATEMENT | |
| Title | Tattoo and body piercing as form of body art of high school students in private schools in Las Piñas, Muntinlupa. |
| 942 ## - ADDED ENTRY ELEMENTS (KOHA) | |
| Koha item type | PASS |
| Source of classification or shelving scheme | Library of Congress Classification |
| Withdrawn status | Lost status | Damaged status | Home library | Current library | Shelving location | Date acquired | Source of acquisition | Total Checkouts | Full call number | Barcode | Date last seen | Price effective from | Koha item type |
|---|---|---|---|---|---|---|---|---|---|---|---|---|---|
| Luxembourg Library | Luxembourg Library | Portfolio Assessment of SISC Students Section | 11/18/2002 | PHS '98 J32 #10 | P0142 | 08/15/2016 | 04/08/2014 | PASS |